000 00433nam a2200157 i 4500
001 61784
003 ES-MaACL
005 20230906164536.0
007 t|
008 031113s1920 fr ||||1| fre d
100 1 _aFarrère, Claude.
_948900
245 1 0 _aBêtes et geus qui sáaimerent /
_cClaude Farrère.
260 _aParís :
_b[s.n.,
_c1920] (
_eLagny :
_fE. Grevin)
300 _a246 p. ;
_c19 cm.
852 _aES-MaACL
_jF-9791
999 _c61784
_d61784